000
00478nam a2200181Ia 4500
008
090124s9999 xx 000 0 und d
082
_b
9284
_a
1307
100
_a
गांधीजी
245
_a
मंगल-प्रभात
250
_a
1
260
_c
1957
300
_a
112
600
_a
गांधीजी
630
_a
मंगल-प्रभात
700
_a
गांधीजी
730
_a
मंगल-प्रभात
942
_c
BOOK
999
_c
123331
_d
123331